| 000 | 04909nam a2200325 a 4500 | ||
|---|---|---|---|
| 003 | OSt | ||
| 005 | 20250606144637.0 | ||
| 007 | cr ||||||a|a|a | ||
| 008 | 250606s2025 mx a|||fom||| 001 0 spa d | ||
| 040 | _erda | ||
| 100 | 1 |
_aAlarcón García, Antonio _9190445 |
|
| 245 | 1 | 0 |
_aBúsqueda e identificación de organismos entomopatógenos nativos en suelos asociados al cultivo de nopal en Otumba, Estado de México / _cpor Antonio García Alarcón; director de tesis Manuel Alejandro Tejeda Reyes; secretario Evert Villanueva Sánchez; vocal Calixto Leopoldo Carillo Fonseca; suplente Jaime Alfredo Urzúa Gutiérrez; suplente Dimas Mejía Sánchez. |
| 264 | 1 |
_aChapingo, México : _bEl autor, _c2024. |
|
| 300 |
_a1 recurso en línea (48 páginas): _bcuadros, figuras. |
||
| 336 |
_2rdacontent _atexto _btxt |
||
| 337 |
_2rdamedia _acomputadora _bc |
||
| 338 |
_2rdacarrier _arecurso en línea _bcr |
||
| 502 |
_bIAEPA _cParasitología _d2024. _gLIC |
||
| 504 | _aIncluye referencias bibliográficas: páginas . | ||
| 520 | _aEl nopal (Opuntia ficus-indica L.) es una planta que de acuerdo con sus usos en nuestro país destaca como verdura, xoconostle, forraje y nopal tunero. En el presente trabajo se realizó una búsqueda e identificación de organismos entomopatógenos nativos en suelos asociados al cultivo de nopal en el municipio de Otumba, Estado de México. La creciente preocupación mundial, por daños ocasionados a la salud humana, medio ambiente, biodiversidad y seguridad alimentaria por el uso de agroquímicos plantea como necesidad la búsqueda y uso de alternativas de control más amigables, como es el uso de enemigos naturales contra plagas y enfermedades. Para la búsqueda de los organismos entomopatógenos nativos, se seleccionaron 5 parcelas cultivadas con nopal, pertenecientes al municipio de Otumba, obteniendo una muestra compuesta de 1 kg de suelo, constituida por 5 submuestras tomadas en 5 de oros de cada parcela, a una profundidad de 10 a 20 cm. Las muestras de suelo recolectadas se trasladaron al Laboratorio (LANISAF) de la UACh, donde se realizó estudios de suelo para conocer sus características fisicoquímicas, posteriormente se trampearon los organismos mediante la técnica de cebado propuesta por Bedding & Akhurst (1975), usando como insectos blanco larvas de Galleria mellonella L., las cuales provenían de una cría bajo condiciones controladas. Días después de la exposición de las larvas de G. mellonella a los organismos presentes en el suelo recolectado, se realizó un diagnóstico de las larvas enfermas con síntomatología provocada por estos, y mediante la clave taxonómica de los principales grupos de entomopatógenos de Lacey & Brooks (1997) se clasificaron. Los principales grupos de entomopatógenos se aislaron y purificaron. Para corroborar la patógenicidad de cada uno de los organismos, se realizaron los postulados de Koch. También se hicieron técnicas de identificación para cada entomopatógeno como fueron pruebas bioquímicas, PCR e identificación morfológica. Por último, se preservaron las cepas identificadas almacenandolas en un ultracongelador a -80ºC. De las larvas con presencia de hongos, se identificarón 2 géneros de importancia entomopatógena, Beauveria sp. y Metarhizium sp., además, se encontraron conidios del género Fusarium sp., de los cuales no se realizaron postulados de Koch para determinar su actividad entomopatógena, en cuanto a bacterias se identificó solo un género, Bacillus thuringiensis. Sin embargo, podemos concluir que los suelos estudiados, se trampearon e identificaron cepas nativas de 10 Beauveria bassiana, Metarhizium sp. y Bacillus thuringiensis. La presencia de estos fue confirmada por una serie de pruebas morfológicas, químicas y moleculares. De acuerdo a los resultados, es probable que las caracteristicas fisicoquímicas del suelo influyan en la presencia y cantidad de cepas de organismos entomopatógenos presentes en las parcelas, sin embargo, se deben realizar y desarrollar más propuestas de investigación para lograr asociar y entender la relación que existe, de igual modo, desarrollar propuestas de investigación que permitan implementar la alternativa de una producción de nopal órganica, siendo este un mercado en creciente demanda a nivel mundial. | ||
| 650 | 4 |
_aOrganismos entomopatógenos _xIdentificación _9190579 |
|
| 650 | 4 |
_aNopal _zMéxico (Edo.) _981709 |
|
| 700 | 1 |
_aTejeda Reyes, Manuel Alejandro _edirector de tesis _9112025 |
|
| 700 | 1 |
_aVillanueva Sánchez, Evert _9119519 _esecretario. |
|
| 700 | 1 |
_aCarrillo Fonseca, Calixto Leopoldo _919482 _evocal. |
|
| 700 | 1 |
_aUrzúa Gutiérrez, Jaime Alfredo _9117018 _esuplente. |
|
| 700 | 1 |
_aMejía Sánchez, Dimas _esuplente. _974288 |
|
| 856 |
_uhttp://10.13.5.2/tesis/tl/1410038-5_ALARCON_GARCIA_ANTONIO.pdf _zDESCARGAR PDF |
||
| 942 |
_2Clasificación Universidad Autónoma Chapingo _cTD |
||
| 999 |
_c220566 _d220566 |
||